000 01134cam a2200217 4500
001 WB3730-01
008 010802n2001 000 0 eng u
035 _a(Sirsi) u113906
245 _aAcoustic tests to add cost and risk
260 _c2001
490 _aBuilding Homes
_v(107) July & August 2001, 8(1)
520 _aProposed revisions to Part E of the Building Regulations will require pre-completion testing to national standards which is likely to result in costly failures, warned Arup Associates at a recent conference. As well as the cost of designing and building homes to meet the standard, housebuilders will have to pay additional costs, such as pre-completion testing and, if any apartment fails the test, then the builder will have to pay to bring it and any others in the block up to standard. However improved sound insulation will be a positive selling point.
590 _aWB
650 _aSOUND INSULATION
650 _aACOUSTIC TESTS
650 _aHOUSE BUILDERS
650 _aHOUSE BUILDING
650 _aBUILDING REGULATIONS PART E
690 _aBUILT ENVIRONMENT-CONSTRUCTION DESIGN
942 _n0
999 _c67870
_d67870